00304nam a2200097Ia 4500008004100000245007500041245002100116260000900137650001200146856004800158171204s9999 xx 000 0 und d 4aThe Public Prints: The Newspaper in Anglo-American Culture, 1665-1740: cCharles E. Clark c1994 xHistory uhttp://down.ebook777.com/063/0195082338.pdf